DB2 UDB's high function business intelligence in e-business (Record no. 211172)
[ view plain ]
| 000 -LEADER | |
|---|---|
| fixed length control field | 01286nam a22003494a 4500 |
| 245 00 - TITLE STATEMENT | |
| Title | DB2 UDB's high function business intelligence in e-business |
| 250 ## - EDITION STATEMENT | |
| Edition statement | 1st ed. |
| 260 ## - PUBLICATION, DISTRIBUTION, ETC. (IMPRINT) | |
| Place of publication | San Jose, Calif. : |
| Name of publisher | IBM Corp., |
| Year of publication | 2002. |
| 300 ## - PHYSICAL DESCRIPTION | |
| Number of Pages | xxii, 252 p. : |
| Other physical details | ill. |
| 490 1# - SERIES STATEMENT | |
| Series statement | IBM redbooks |
| 650 #0 - SUBJECT ADDED ENTRY--TOPICAL TERM | |
| Topical Term | Electronic commerce. |
| Topical Term | Business intelligence. |
| Topical Term | Database management. |
| 700 1# - ADDED ENTRY--PERSONAL NAME | |
| Personal name | Alur, Nagraj. |
| 856 40 - ELECTRONIC LOCATION AND ACCESS | |
| Uniform Resource Identifier | http://site.ebrary.com/lib/rucke/Doc?id=10112712 |
No items available.
